000 00523nam a2200193Ia 4500
005 20260429111916.0
008 260429s9999||||xx |||||||||||||| ||und||
020 _a9789360845650
041 _aEnglish
082 _a620.115
_bMUN
100 _aMunda, Chhavi
245 0 _aNanostructures handbook /
_cChhavi Munda
260 _aNew Delhi :
_bWordpen Academics,
_c2025.
300 _aviii, 131 p.; hb
650 _a Nanostructured materials
650 _aMaterials science
700 _a Thakor, Yamini
942 _cTB
999 _c51379
_d51379